00812 a2200169 4500003000500000005001700005040000900022082001600031100002600047245009700073250002400170260005000194300003100244505032800275600002600603650001300629Nust20221228131114.0 cNust a297.72, HAM aHamidullah, Muhammad, aThe battlefields of the Prophet MuhammadbSalla'llahu alaihi wa sallamcMuhammad Hamidullah, aNew Revised Edition aHuzaifah PublicationsbKarachi Pakistanc1979 a66 pbilluscdigarse24 cm aPreliminary Remarks (Page-5), Badr (Page-13), Uhud (Page-22), Battle Of Ditch (Page-29), Conquestof Mecca (Page-37), Battles Of Hunain And Taif (Page-42), Wars With The Jews (Page-47), Military Intelligence In The Time Of Prophet Muhammad (Page-53), Military Department Of The Muslim State In The Time Of Prophet (Page-58). aHamidullah, Muhammad, aHoly War